Southville International School and Colleges
Your cart is empty.
  • Cart
  • Lists
    Public lists Eva Luna New books Lux_list list_1
    Your lists Log in to create your own lists
  • Log in to your account
  • Your cookies
  • Search history
Southville International School and Colleges
  • Advanced search
  • Recent comments
  • Most popular
  • Libraries

Log in to your account

Log in with GOOGLE


If you do not have an external account, but do have a local account, you can still log in:

  1. Home
  2. MARC view: Probability and statistics for engineers and scientists /
Normal view MARC view ISBD view

Probability and statistics for engineers and scientists / (Record no. 339589)

[ view plain ]
MARC details
000 -LEADER
fixed length control field 00703nam a2200265Ia 4500
008 - FIXED-LENGTH DATA ELEMENTS--GENERAL INFORMATION
fixed length control field 170711s9999 xx 000 0 und d
020 ## - INTERNATIONAL STANDARD BOOK NUMBER
International Standard Book Number 9711055570
050 ## - LIBRARY OF CONGRESS CALL NUMBER
Classification number 519
050 ## - LIBRARY OF CONGRESS CALL NUMBER
Item number W219 1993
100 ## - MAIN ENTRY--PERSONAL NAME
Personal name Walpole, Ronald
245 ## - TITLE STATEMENT
Title Probability and statistics for engineers and scientists /
245 ## - TITLE STATEMENT
Statement of responsibility, etc Ronald Walpole.
250 ## - EDITION STATEMENT
Edition statement Fifth edition
260 ## - PUBLICATION, DISTRIBUTION, ETC. (IMPRINT)
Place of publication, distribution, etc USA :
260 ## - PUBLICATION, DISTRIBUTION, ETC. (IMPRINT)
Name of publisher, distributor, etc Macmillan Publishing Corp.,
260 ## - PUBLICATION, DISTRIBUTION, ETC. (IMPRINT)
Date of publication, distribution, etc 1993
300 ## - PHYSICAL DESCRIPTION
Extent xiv, 766 pages :
300 ## - PHYSICAL DESCRIPTION
Other physical details illustrations ;
300 ## - PHYSICAL DESCRIPTION
Dimensions 24cm.
650 ## - SUBJECT ADDED ENTRY--TOPICAL TERM
Topical term or geographic name as entry element Engineering --
650 ## - SUBJECT ADDED ENTRY--TOPICAL TERM
Topical term or geographic name as entry element Probability and applied mathematics.
650 ## - SUBJECT ADDED ENTRY--TOPICAL TERM
General subdivision Statistical methods.
700 ## - ADDED ENTRY--PERSONAL NAME
Personal name Myers, Raymond H.
700 ## - ADDED ENTRY--PERSONAL NAME
Personal name Title.

No items available.

Probability and statistics for engineers and scientists /

APA

Walpole R., Myers R. H. & Title.Probability and statistics for engineers and scientists. USA: .

Chicago

Walpole Ronald, Myers Raymond H and Title.Probability and statistics for engineers and scientists. USA: .

Harvard

Walpole R., Myers R. H. and Title.Probability and statistics for engineers and scientists. USA: .

MLA

Walpole Ronald, Myers Raymond H and Title.USA: . .

  • Print
  • Cite
  • Add to your cart (remove)
  • Save record
    BIBTEX Dublin Core MARCXML MARC (non-Unicode/MARC-8) MARC (Unicode/UTF-8) MARC (Unicode/UTF-8, Standard) MODS (XML) RIS
  • More searches
    Search for this title in:
    Other Libraries (WorldCat) Other Databases (Google Scholar) Online Stores (Bookfinder.com) Open Library (openlibrary.org)

Exporting to Dublin Core...

SOUTHVILLE LIBRARY

Southville International School and Colleges Library

1281 Tropical Ave. Cor. Luxembourg St., BF Homes International, Las Pinas City

Tel. No. 8256374 / 252358 Loc. 117/146

Powered by Koha